Ferns of British India being figures and descriptions of ferns from all part of British India including Burma, Bangladesh, Ceylon, India and Pakistan. 2 V (Record no. 26706)

MARC details
000 -LEADER
fixed length control field 00407nam a2200109Ia 4500
082 ## - DEWEY DECIMAL CLASSIFICATION NUMBER
Classification number 581.9:582.35
Item number BED
100 ## - MAIN ENTRY--AUTHOR NAME
Personal name Beddome, C R H
245 #0 - TITLE STATEMENT
Title Ferns of British India being figures and descriptions of ferns from all part of British India including Burma, Bangladesh, Ceylon, India and Pakistan. 2 V
260 ## - PUBLICATION, DISTRIBUTION, ETC. (IMPRINT)
Place of publication Delhi
Name of publisher Oxford and IBH
Year of publication 1973
942 ## - ADDED ENTRY ELEMENTS (KOHA)
Koha item type Books
Holdings
Withdrawn status Lost status Damaged status Not for loan Home library Current library Date acquired Cost, normal purchase price Full call number Accession Number Koha item type
        RRII Library RRII Library 16/12/2021 285.00 581.9:582.35 BED 07338 Books